Vysokoškolské vzdelávanie v Nových Zámkoch 1992-2016

Gespeichert in:
Bibliographische Detailangaben
1. Verfasser: Strážovská, Helena
Körperschaft: Ekonomická univerzita v Bratislave. Obchodná fakulta
Format: Buch
Sprache:Slowakisch
Veröffentlicht: Bratislava Vydavateľstvo EKONÓM 2024
Schlagworte:
Tags: Tag hinzufügen
Keine Tags, Fügen Sie das erste Tag hinzu!

MARC

LEADER 00000nam a2200000 4500
001 0307651
005 20250318113105.3
020 |a 978-80-225-5141-0 
041 0 |a slo 
044 |a SK 
245 1 0 |a Vysokoškolské vzdelávanie v Nových Zámkoch 1992-2016  |c Helena Strážovská 
264 1 |a Bratislava  |b Vydavateľstvo EKONÓM  |c 2024 
300 |a 286 s. 
610 2 0 |a vzdelávanie vysokoškolské 
610 2 0 |a školy vysoké 
610 2 0 |a študenti 
100 1 |a Strážovská, Helena 
710 2 |a Ekonomická univerzita v Bratislave. Obchodná fakulta